000 00471nam a2200193Ia 4500
005 20240913125908.0
008 240913s9999||||xx |||||||||||||| ||und||
041 _aENGLISH
082 _A612.64 Q2
100 _aInderbir Singh
245 0 _aHuman Embrology
250 _a9th
260 _c2012
_bMacmillan Publishers Indi
500 _aREFERENCE
650 _aPerfusion Technology
_bAllied Health Science
700 _a Pal G P
942 _cREF
999 _c246500
_d246500